00583nam a2200157Ia 4500008004100000100002400041245010000065245004100165260005900206260000900265650001800274650001500292856002600307999001900333952007300352170221s9999 xx 000 0 und d aSirianni, Joseph M. aBad Romance:Exploring the Factors That Influence Revenge Porn Sharing Amongst Romantic Partners cJoseph M. Sirianni, Arun Vishwanath. bOnline Journal of Communication and Media Technologies c2014 xCommunication xMedia Arts uhttp://www.ojcmt.net/ c310567d310567 001040aCLbCLd2017-02-21l0r2017-02-21 00:00:00w2017-02-21yFOJ